000 00829cam a2200265 4500500
005 20260329005810.0
041 _afre
042 _adc
100 1 0 _aNeiman, Susan
_eauthor
700 1 0 _aWilliams, Thomas Chatterton
_eauthor
700 1 0 _aPerragin, Charles
_eauthor
245 0 0 _aSusan Neiman-Thomas Chatterton Williams : comment résister face à Trump ?
260 _c2025.
500 _a100
690 _aDémocrates
690 _aÉtats-Unis
690 _aOpposition
690 _aRésistance
690 _aSusan Neiman
690 _aThomas Chatterton Williams
690 _aTrump
690 _aTyrannie
786 0 _nPhilosophie magazine | 188 | 4 | 2025-04-01 | p. 79-86 | 1951-1787
856 4 1 _uhttps://shs.cairn.info/magazine-philosophie-magazine-2025-4-page-29?lang=fr&redirect-ssocas=7080
999 _c1846744
_d1846744